Kolektivní vyjednávání a kolektivní smlouvy Teorie, praxe, modely
Enregistré dans:
| Auteur principal: | |
|---|---|
| Autres auteurs: | |
| Format: | Livre |
| Langue: | tchèque |
| Publié: |
Praha
Prospektrum
1993
|
| Sujets: | |
| Accès en ligne: | Voir à l'OPAC |
| Tags: |
Pas de tags, Soyez le premier à ajouter un tag!
|
MARC
| LEADER | 00000nam a2200000 a 4500 | ||
|---|---|---|---|
| 005 | 20260127134413.0 | ||
| 008 | 090211 2008 xr 000 0 cze d | ||
| 020 | |a 8085431661 (viaz.) | ||
| 035 | |a vtls009471696 | ||
| 039 | 9 | |a 202004241425 |b AUTHORITY |c 202004241423 |d AUTHORITY |c 202004241412 |d AUTHORITY |y 200902111014 |z mschk03 | |
| 040 | |a STUSCHK1 |b slo |c STUSCHK1 |e AACR2 | ||
| 080 | |a 331.116.3 | ||
| 080 | |a 331.1 | ||
| 100 | 1 | |a Tomeš, Igor | |
| 245 | 1 | |a Kolektivní vyjednávání a kolektivní smlouvy |b Teorie, praxe, modely |c Igor Tomeš, Vojtech Tkáč | |
| 260 | |a Praha |b Prospektrum |c 1993 | ||
| 300 | |a 273 s. | ||
| 650 | 0 | |a kolektivní smlouvy | |
| 650 | 0 | |a kolektivní vyjednávání | |
| 700 | 1 | |a Tkáč, Vojtech, |d 1949- |9 160 | |
| 910 | |a SCHK95 | ||
| 919 | |a 80-85431-66-1 | ||
| 999 | |c 11920 |d 11920 | ||
| 942 | 0 | 0 | |0 1 |